Pokémon - Ultra-chimère - Statistiques

Statistiques générales
  • Ce quiz a été pris 15 fois
  • Le résultat moyen est 11 sur 11
Statistiques - réponses
Type 1 Type 2 Pokemon % Correct
0805 Roche Acier Ama-Ama
100%
0797 Acier Vol Bamboiselle
100%
0796 Électrik Câblifère
100%
0799 Ténèbres Dragon Engloutyran
100%
0794 Insecte Combat Mouscoto
100%
0803 Poison Vémini
100%
0795 Insecte Combat Cancrelove
93%
0804 Poison Dragon Mandrillon
93%
0806 Feu Spectre Pierroteknik
93%
0793 Roche Poison Zéroïd
93%
0798 Plante Acier Katagami
86%
Aucun quiz correspondant
Distribution des résultats
% des personnes avec chaque résultat
Percentile par nombre de réponses
Votre historique - résultats
Vous n’avez pas pris ce quiz